| 000 | 02751nam0a2200373 4500 | ||
|---|---|---|---|
| 001 | RU\NLR\BIBL_A\011438016 | ||
| 005 | 20240921132301.0 | ||
| 010 |
_a9785917740621 _9500 |
||
| 021 |
_aRU _b2017-45316 _93274 |
||
| 035 | _a(RuMoRGB)008916738 | ||
| 035 | _a(NLR Aleph) 011438016 | ||
| 090 |
_a11685747 _c11685747 |
||
| 100 | _a20170712d2016 k y0rusy50 ca | ||
| 101 | 0 | _arus | |
| 102 | _aRU | ||
| 105 | _aa z |000zy | ||
| 200 | 1 |
_aФормирование компетентности выпускников пожарно-технического вуза в сфере эколого-экономической безопасности на основе интегративно-модульной технологии обучения _eмонография _fБ. Н. Гузанова, А. В. Бурцев, Н. Н. Мичурова, С. Н. Дульцев _gМЧС России, Федеральное государственное бюджетное образовательное учреждение высшего образования "Уральский институт государственной противопожарной службы Министерства Российской Федерации по делам гражданской обороны, чрезвычайным ситуациям и ликвидации последствий стихийных бедствий" |
|
| 210 |
_aЕкатеринбург _cредакционно-издательский отдел Уральского института ГПС МЧС России _d2016 |
||
| 215 |
_a164 с. _cил. _d21 |
||
| 300 | _aНа обороте тит. л. авт.: Гузанов Б.Н., д.т.н., проф.; Бурцев А.В., доц., к.п.н.; Мичурова Н.Н., к.п.н., доц.; Дульцев С.Н., преп. | ||
| 313 | _aподготовки по пожарным специальностям в тексте нет | ||
| 320 | _aБиблиогр.: с. 150-163 (147 назв.) | ||
| 606 | 1 |
_aЭкономическая безопасность _yРоссийская Федерация _92085187 _3RU\NLR\AUTH\661261300 |
|
| 606 | 1 |
_aЭкологическая безопасность _yРоссийская Федерация _92007022 _3RU\NLR\AUTH\661207781 |
|
| 686 | 1 | _aУ9(2)-971(2Р) | |
| 686 | 1 | _aУ28(2)1 | |
| 701 | 1 |
_aГузанов _bБ. Н. _gБорис Николаевич |
|
| 701 | 1 |
_aБурцев _bА. В. _gАлексей Викторович |
|
| 701 | 1 |
_aМичурова _bН. Н. _gНаталья Николаевна |
|
| 701 | 1 |
_aДульцев _bС. Н. _gСергей Николаевич |
|
| 942 | _cBOOK | ||
| 980 | _aNBR | ||